A new invasion of the South. (Record no. 52312)

MARC details
000 -LEADER
fixed length control field 01034cam a22002531 4500
001 - CONTROL NUMBER
control field rc 01002437
003 - CONTROL NUMBER IDENTIFIER
control field DLC
005 - DATE AND TIME OF LATEST TRANSACTION
control field 20260227111906.0
007 - PHYSICAL DESCRIPTION FIXED FIELD--GENERAL INFORMATION
fixed length control field cr_|||||||||||
008 - FIXED-LENGTH DATA ELEMENTS--GENERAL INFORMATION
fixed length control field 730124s1881 nyua 000 0 eng
010 ## - LIBRARY OF CONGRESS CONTROL NUMBER
LC control number rc 01002437
035 ## - SYSTEM CONTROL NUMBER
System control number (OCoLC)545806
040 ## - CATALOGING SOURCE
Original cataloging agency DLC
Transcribing agency OKentU
Modifying agency OCoLC
-- DLC
042 ## - AUTHENTICATION CODE
Authentication code premarc
050 00 - LIBRARY OF CONGRESS CALL NUMBER
Classification number F215
Item number .C87
100 1# - MAIN ENTRY--PERSONAL NAME
Personal name Cowan, John F.
Fuller form of name (John Franklin),
Dates associated with a name 1854-1942.
245 12 - TITLE STATEMENT
Title A new invasion of the South.
Remainder of title Being a narrative of the expedition of the Seventy-first infantry, National guard, through the southern states, to New Orleans. February 24-March 7, 1881.
Statement of responsibility, etc. By John F. Cowan.
260 ## - PUBLICATION, DISTRIBUTION, ETC.
Place of publication, distribution, etc. New York city,
Name of publisher, distributor, etc. Board of officers, Seventy-first Infantry,
Date of publication, distribution, etc. 1881.
300 ## - PHYSICAL DESCRIPTION
Extent [5]-103, 24, [3] p.
Other physical details illus.
Dimensions 19 cm.
530 ## - ADDITIONAL PHYSICAL FORM AVAILABLE NOTE
Additional physical form available note Also available in digital form on the Internet Archive Web site.
651 #0 - SUBJECT ADDED ENTRY--GEOGRAPHIC NAME
Geographic name Southern States
General subdivision Description and travel.
610 10 - SUBJECT ADDED ENTRY--CORPORATE NAME
Corporate name or jurisdiction name as entry element New York infantry.
Subordinate unit 71st regt. (Militia) 1852-
856 41 - ELECTRONIC LOCATION AND ACCESS
Uniform Resource Identifier <a href="http://hdl.loc.gov/loc.gdc/scd0001.00013768122">http://hdl.loc.gov/loc.gdc/scd0001.00013768122</a>

No items available.

Powered by Koha